[Event "AUTO-ADV-4539"]
[Site "http://www.queenalice.com/game.php?id=1793297"]
[Date "2022.7.27"]
[Round "3"]
[White "Canaye"]
[Black "andreavb"]
[Result "0-1"]
[WhiteElo "1949"]
[BlackElo "2123"]

1. d4 d5 2. c4 c6 3. Nc3 Nf6 4. cxd5 cxd5 5. h3 Nc6 6. Bf4 e6 7. e3 Bb4 8. Bb5
O-O 9. Bxc6 bxc6 10. Ne2 Ba6 11. O-O Rc8 12. a3 Bd6 13. Bg5 c5 14. Rc1 cxd4 15.
exd4 h6 16. Bxf6 Qxf6 17. Re1 Rc4 18. b3 Rc7 19. b4 Rfc8 20. Qa4 Bxe2 21. Nxe2
Rxc1 22. Rxc1 Rxc1+ 23. Nxc1 Qf4 24. Ne2 Qh2+ 25. Kf1 Qh1+ 26. Ng1 Bh2 0-1

[Event "AUTO-ADV-4539"]
[Site "http://www.queenalice.com/game.php?id=1793298"]
[Date "2022.7.27"]
[Round "3"]
[White "andreavb"]
[Black "LMP1989"]
[Result "1-0"]
[WhiteElo "2130"]
[BlackElo "2087"]

1. e4 c5 2. Nf3 Nc6 3. d4 cxd4 4. Nxd4 g6 5. Nc3 Bg7 6. Be3 Nf6 7. Qd2 Ng4 8.
Nxc6 dxc6 9. Qxd8+ Kxd8 10. O-O-O+ Kc7 11. Bf4+ e5 12. Bg3 h5 13. f3 Ne3 14. Rd3
Nxf1 15. Rxf1 Be6 16. Rfd1 Rad8 17. Bf2 b6 18. a4 Bh6+ 19. Be3 Bxe3+ 20. Rxe3
Rxd1+ 21. Kxd1 Rd8+ 22. Rd3 Rxd3+ 23. cxd3 Kd6 24. b4 a6 25. Ke2 c5 26. b5 a5
27. Ke3 c4 28. d4 exd4+ 29. Kxd4 Ke7 30. h3 Kd6 31. g4 hxg4 32. hxg4 f5 33. gxf5
gxf5 34. e5+ Kd7 35. f4 Kc7 36. Ne2 Kd8 37. Kc3 1-0

[Event "AUTO-ADV-4539"]
[Site "http://www.queenalice.com/game.php?id=1793299"]
[Date "2022.7.27"]
[Round "3"]
[White "LMP1989"]
[Black "andreavb"]
[Result "0-1"]
[WhiteElo "2085"]
[BlackElo "2137"]

1. e4 c5 2. Nf3 d6 3. d4 cxd4 4. Nxd4 Nf6 5. Nc3 a6 6. f3 e6 7. Be3 Be7 8. Qd2
Nc6 9. O-O-O O-O 10. g4 Qc7 11. g5 Nd7 12. h4 Nb6 13. h5 Nxd4 14. Bxd4 Nc4 15.
Bxc4 Qxc4 16. g6 h6 17. gxf7+ Rxf7 18. Rdg1 e5 19. Be3 Kh7 20. Bxh6 gxh6 21. Rg6
Bg5 22. Rxg5 hxg5 23. Qxg5 Rg7 24. Qh4 Be6 25. h6 Rc7 26. Rg1 Qd4 27. Rg7+ Rxg7
28. hxg7+ Kxg7 29. Qe7+ Bf7 30. Nd5 Qg1+ 31. Kd2 Qf2+ 32. Kd3 Qxf3+ 33. Ne3 Rh8
34. Qg5+ Bg6 35. Qe7+ Kh6 36. Qh4+ Bh5 37. Qe1 Rg8 0-1

[Event "AUTO-MASTER-3129"]
[Site "http://www.queenalice.com/game.php?id=1797106"]
[Date "2022.9.29"]
[Round "1"]
[White "Canaye"]
[Black "andreavb"]
[Result "0-1"]
[WhiteElo "1920"]
[BlackElo "2132"]

1. d4 d5 2. c4 c6 3. Nc3 Nf6 4. cxd5 cxd5 5. h3 Nc6 6. Bf4 e6 7. e3 Bb4 8. Qc2
O-O 9. a3 Bd6 10. Bg5 h6 11. Bxf6 Qxf6 12. Nf3 a6 13. b4 Bd7 14. Bd3 Rac8 15.
O-O-O a5 16. Kb2 axb4 17. axb4 Nxb4 18. Qe2 Nxd3+ 19. Qxd3 Qd8 20. Ra1 Qb6+ 21.
Kc2 Bb5 22. Qd1 Bb4 23. Qe1 Rxc3+ 0-1

[Event "AUTO-MASTER-3129"]
[Site "http://www.queenalice.com/game.php?id=1797107"]
[Date "2022.9.29"]
[Round "1"]
[White "andreavb"]
[Black "Canaye"]
[Result "0-1"]
[WhiteElo "2149"]
[BlackElo "1926"]

1. e4 e6 2. d4 d5 3. Nd2 dxe4 4. Nxe4 Nd7 5. Nf3 Ngf6 6. Bg5 Be7 7. Nxf6+ Nxf6
8. Bd3 h6 9. Bh4 Nd5 10. Bg3 c5 11. O-O O-O 12. Re1 Bd6 13. Bxd6 Qxd6 14. dxc5
Qxc5 15. Qe2 Nf4 16. Qe4 Nxd3 17. Qxd3 b6 18. Re5 Qe7 19. Rd1 Bb7 20. Nd4 Rad8
21. Qe2 Qh4 22. Nf3 Qg4 23. h3 Qb4 24. Rxd8 Rxd8 25. c3 Qd6 26. Nd4 a6 27. a3
Kh8 28. Kf1 b5 29. f3 Bd5 30. Qe1 Bc4+ 31. Kf2 Qb6 32. Kg3 Rxd4 33. cxd4 Qxd4
0-1

[Event "AUTO-MASTER-3129"]
[Site "http://www.queenalice.com/game.php?id=1797118"]
[Date "2022.9.29"]
[Round "1"]
[White "Eggchaser"]
[Black "andreavb"]
[Result "0-1"]
[WhiteElo "2119"]
[BlackElo "2138"]

1. b4 e5 2. Bb2 d6 3. c4 Be7 4. Nc3 Nf6 5. d3 O-O 6. e3 Nbd7 7. Nf3 c6 8. Be2
Re8 9. Qc2 d5 10. cxd5 cxd5 11. a3 a5 12. bxa5 Qxa5 13. O-O Bf8 14. d4 e4 15.
Ne5 Nxe5 16. dxe5 Rxe5 17. Nb5 Rg5 18. Bxf6 gxf6 19. h4 Rg6 20. Rfd1 Bh3 21. g3
Qd8 22. Bf1 Be6 23. Kh2 Rc8 24. Qa4 Ra8 25. Qc2 Rc8 26. Qb2 Bg7 27. Nd4 f5 28.
Rac1 Rxc1 29. Rxc1 Be5 30. Qxb7 Qxh4+ 0-1

[Event "AUTO-MASTER-3129"]
[Site "http://www.queenalice.com/game.php?id=1797119"]
[Date "2022.9.29"]
[Round "1"]
[White "andreavb"]
[Black "Eggchaser"]
[Result "1-0"]
[WhiteElo "2130"]
[BlackElo "2112"]

1. e4 c5 2. Nf3 d6 3. d4 cxd4 4. Nxd4 Nf6 5. Nc3 a6 6. Bc4 e6 7. O-O Qc7 8. Bb3
Be7 9. Kh1 O-O 10. f4 Nc6 11. f5 Nxd4 12. Qxd4 Qc5 13. Qd3 b5 14. Be3 Qc7 15.
Rf3 exf5 16. exf5 Bb7 17. Rh3 b4 18. Ne2 Be4 19. Qd2 Qb7 20. Ng3 Bd5 21. Rd1 Bc6
22. Bg5 Ne4 23. Nxe4 Bxe4 24. Bxe7 Qxe7 25. Re3 Qb7 26. Bd5 Bxd5 27. Qxd5 Qxd5
28. Rxd5 Rfe8 29. Rxe8+ Rxe8 30. Kg1 f6 31. Rxd6 a5 32. Kf2 Re5 33. g4 Rc5 34.
Rd2 Re5 35. h3 Kf7 36. Re2 Rc5 37. Ke3 Re5+ 38. Kd3 1-0

[Event "AUTO-MASTER-3129"]
[Site "http://www.queenalice.com/game.php?id=1797124"]
[Date "2022.9.29"]
[Round "1"]
[White "Artking"]
[Black "andreavb"]
[Result "1-0"]
[WhiteElo "2098"]
[BlackElo "2145"]

1. e4 c5 2. Nf3 d6 3. d4 cxd4 4. Nxd4 Nf6 5. Nc3 a6 6. Bg5 e5 7. Nb3 Be7 8. Qd2
Be6 9. f3 Nc6 10. O-O-O Qc7 11. Kb1 1-0

[Event "AUTO-MASTER-3129"]
[Site "http://www.queenalice.com/game.php?id=1797125"]
[Date "2022.9.29"]
[Round "1"]
[White "andreavb"]
[Black "Artking"]
[Result "0-1"]
[WhiteElo "2159"]
[BlackElo "2079"]

1. d4 Nf6 2. Bf4 d6 3. Nf3 g6 4. e3 Bg7 5. c3 c6 6. Bd3 Nbd7 7. Nbd2 O-O 8. h3
Re8 9. O-O e5 10. dxe5 dxe5 0-1

[Event "AUTO-MASTER-3140"]
[Site "http://www.queenalice.com/game.php?id=1801329"]
[Date "2022.12.5"]
[Round "1"]
[White "Pin"]
[Black "andreavb"]
[Result "1-0"]
[WhiteElo "2033"]
[BlackElo "2076"]

1. d4 d5 2. c4 c6 3. Nc3 Nf6 4. Nf3 dxc4 5. a4 Bf5 6. Bg5 e6 7. e4 Bg4 8. e5 h6
9. Be3 Nd5 10. Be2 Nd7 11. Bxc4 Nxe3 12. fxe3 Bb4 13. O-O O-O 14. Ne4 Nb6 15.
Be2 Nd5 16. Qd3 Qb6 17. h3 Bf5 18. Nh4 Bh7 19. Bg4 f5 20. exf6 1-0

[Event "AUTO-MASTER-3140"]
[Site "http://www.queenalice.com/game.php?id=1801330"]
[Date "2022.12.5"]
[Round "1"]
[White "andreavb"]
[Black "Pin"]
[Result "0-1"]
[WhiteElo "2095"]
[BlackElo "2014"]

1. e4 c5 2. Nf3 d6 3. d4 cxd4 4. Nxd4 Nf6 5. Nc3 a6 6. Be2 e5 7. Nb3 Be7 8. O-O
Be6 9. f4 exf4 10. Rxf4 Nbd7 11. Qf1 O-O 12. Be3 Ne5 13. Nd4 Ng6 14. Nxe6 fxe6
15. Rf2 Qd7 16. Rd1 Qc7 17. Bg5 b5 18. a3 Ne5 19. h4 Qc5 20. Kh1 Bd8 0-1

[Event "AUTO-MASTER-3140"]
[Site "http://www.queenalice.com/game.php?id=1801345"]
[Date "2022.12.5"]
[Round "1"]
[White "andreavb"]
[Black "zeitnot13"]
[Result "0-1"]
[WhiteElo "2141"]
[BlackElo "2295"]

1. e4 d5 2. exd5 Nf6 3. d4 Bg4 4. Nf3 Qxd5 5. Be2 Nc6 6. c3 O-O-O 7. Nbd2 e5 8.
dxe5 Nxe5 9. O-O Nxf3+ 10. Nxf3 Qe4 11. Nd4 Bxe2 12. Qxe2 Rxd4 0-1

[Event "AUTO-MASTER-3140"]
[Site "http://www.queenalice.com/game.php?id=1801346"]
[Date "2022.12.5"]
[Round "1"]
[White "zeitnot13"]
[Black "andreavb"]
[Result "1-0"]
[WhiteElo "2334"]
[BlackElo "2134"]

1. d4 d5 2. Bf4 Nf6 3. e3 Bf5 4. Nc3 a6 5. f3 h6 6. g4 Bh7 7. h4 e6 8. Bd3 Bd6
9. Nge2 Nc6 10. Bxh7 Nxh7 11. Qd2 Na5 12. O-O-O Nc4 13. Qd3 c6 14. e4 Qb6 15.
Na4 Bxf4+ 16. Nxf4 Qb4 17. b3 Qa3+ 18. Kb1 b5 19. bxc4 Qxd3 20. Nxd3 bxa4 21.
cxd5 1-0

[Event "AUTO-MASTER-3140"]
[Site "http://www.queenalice.com/game.php?id=1801347"]
[Date "2022.12.5"]
[Round "1"]
[White "andreavb"]
[Black "darthvedder72"]
[Result "0-1"]
[WhiteElo "2111"]
[BlackElo "2000"]

1. e4 e5 2. Nf3 Nf6 3. Nxe5 d6 4. Nf3 Nxe4 5. Nc3 Nxc3 6. dxc3 Be7 7. Bd3 O-O 8.
O-O Bf6 9. Bf4 Nc6 10. Re1 Bg4 11. Re3 Ne5 12. Bxe5 Bxe5 13. Qd2 Bf4 14. Rae1
Bxf3 15. gxf3 Qg5+ 16. Kf1 Bxe3 17. fxe3 Rfe8 18. f4 Qg4 19. Qg2 Qxg2+ 20. Kxg2
Re7 21. Kf3 Rae8 22. e4 d5 0-1

[Event "AUTO-MASTER-3140"]
[Site "http://www.queenalice.com/game.php?id=1801348"]
[Date "2022.12.5"]
[Round "1"]
[White "darthvedder72"]
[Black "andreavb"]
[Result "1-0"]
[WhiteElo "1978"]
[BlackElo "2128"]

1. d4 d5 2. c4 c6 3. Nc3 Nf6 4. cxd5 cxd5 5. Nf3 Nc6 6. Bg5 a6 7. e3 e6 8. Bd3
Bb4 9. O-O O-O 10. a3 Ba5 11. b4 Bc7 12. Rc1 h6 13. Bh4 Qd6 14. Bg3 Qe7 15. Bxc7
Qxc7 16. Na4 Qd6 17. Nb6 Rb8 18. Qb3 Ng4 19. h3 Nf6 20. Nxc8 Rfxc8 21. Rc5 Nd7
22. Rc2 Ne7 23. Rfc1 1-0

[Event "AUTO-MASTER-3148"]
[Site "http://www.queenalice.com/game.php?id=1805589"]
[Date "2023.2.5"]
[Round "1"]
[White "chessman"]
[Black "andreavb"]
[Result "1-0"]
[WhiteElo "2048"]
[BlackElo "2009"]

1. e4 c5 2. Nf3 d6 3. Bb5+ Nd7 4. O-O Nf6 5. Re1 a6 6. Bxd7+ Bxd7 7. c4 g6 8. d4
cxd4 9. Nxd4 Bg7 10. Nc3 O-O 11. h3 Rc8 12. b3 b5 13. Qd3 Nh5 14. Nd5 e6 15. Ne3
Qb6 16. Bb2 Nf4 17. Qd2 bxc4 18. Nxc4 Rxc4 19. bxc4 Rb8 20. Nb3 Bxb2 21. Qxf4
Bxa1 22. Rxa1 a5 23. Rd1 1-0

[Event "AUTO-MASTER-3148"]
[Site "http://www.queenalice.com/game.php?id=1805590"]
[Date "2023.2.5"]
[Round "1"]
[White "andreavb"]
[Black "chessman"]
[Result "0-1"]
[WhiteElo "2025"]
[BlackElo "2032"]

1. e4 e6 2. d4 d5 3. exd5 exd5 4. Bd3 Nf6 5. h3 c6 6. Qf3 Be7 7. Ne2 O-O 8. O-O
Re8 9. Bf4 Be6 10. Nd2 a6 11. c3 Nbd7 12. Bc2 h6 13. Ng3 Rc8 14. Qd3 Nf8 15. Nf3
Bd6 16. Ne5 N6d7 17. Ng6 Nxg6 18. Bxd6 Nf6 19. Ba3 Qd7 20. h4 Nxh4 21. f4 Bg4
22. Rae1 Rxe1 0-1

[Event "AUTO-MASTER-3148"]
[Site "http://www.queenalice.com/game.php?id=1805603"]
[Date "2023.2.5"]
[Round "1"]
[White "CCapivara"]
[Black "andreavb"]
[Result "1-0"]
[WhiteElo "2286"]
[BlackElo "1995"]

1. e4 c5 2. Nf3 d6 3. d4 cxd4 4. Nxd4 Nf6 5. Nc3 a6 6. Bg5 e5 7. Nb3 Be7 8. Bxf6
Bxf6 9. Nd5 O-O 10. c3 Be7 11. Be2 f5 12. exf5 Bxf5 13. O-O Nc6 14. Nd2 Rc8 15.
Bg4 Bxg4 16. Qxg4 Bf6 17. Ne4 Kh8 18. Rad1 Qa5 19. Nxd6 Rcd8 20. Nxb7 Qxa2 21.
Nxd8 Bxd8 22. Nb4 Nxb4 23. Qxb4 Qf7 24. Qd6 1-0

[Event "AUTO-MASTER-3148"]
[Site "http://www.queenalice.com/game.php?id=1805604"]
[Date "2023.2.5"]
[Round "1"]
[White "andreavb"]
[Black "CCapivara"]
[Result "0-1"]
[WhiteElo "2058"]
[BlackElo "2197"]

1. e4 d6 2. Nf3 Nf6 3. Nc3 e5 4. d4 exd4 5. Qxd4 Be7 6. Bg5 O-O 7. Bc4 Nc6 8.
Qd2 Bg4 9. Nd4 Bd7 10. O-O a6 11. a4 Rb8 12. f4 h6 13. Bh4 b6 14. Rad1 d5 15.
exd5 Nxd4 16. Qxd4 Bf5 17. Rd2 Bc5 0-1

[Event "AUTO-MASTER-3148"]
[Site "http://www.queenalice.com/game.php?id=1805613"]
[Date "2023.2.5"]
[Round "1"]
[White "andreavb"]
[Black "mennecy91"]
[Result "0-1"]
[WhiteElo "2038"]
[BlackElo "2105"]

1. e4 c5 2. Nf3 Nc6 3. d4 cxd4 4. Nxd4 g6 5. Be3 Bg7 6. Nc3 d6 7. Be2 Nf6 8. O-O
a6 9. f4 O-O 10. f5 Ne5 11. g4 d5 12. exd5 Nxd5 13. Nxd5 Qxd5 14. c3 Qe4 15. Bf4
Qd5 16. Qc2 Qc5 17. Be3 Qc7 18. Bf4 Qc5 19. Be3 Qc7 0-1

[Event "AUTO-MASTER-3148"]
[Site "http://www.queenalice.com/game.php?id=1805614"]
[Date "2023.2.5"]
[Round "1"]
[White "mennecy91"]
[Black "andreavb"]
[Result "1-0"]
[WhiteElo "2092"]
[BlackElo "2052"]

1. c4 e5 2. Nc3 d6 3. g3 Nd7 4. Bg2 Ngf6 5. d3 Be7 6. e4 O-O 7. Nge2 Re8 8. O-O
c6 9. f4 Qb6+ 10. Kh1 Ng4 11. d4 Ndf6 12. f5 Kh8 13. h3 Nh6 14. g4 Nd7 15. Bxh6
gxh6 16. b3 f6 17. Qd2 Rg8 18. Na4 Qc7 19. Qxh6 Bf8 20. Qe3 1-0